00745nam a2200241 a 4500001001300000003000900013005001700022008004100039020002400080082001600104100002500120245006500145260003400210300000900244500003500253505002400288650001500312700002500327902000800352942000700360952011900367999001700486nice12345678IN_TiNIC20260116014349.0100326s2008 usaa grp 000 0 eng  a9781565639256c104500a220.12bMCD aMcdonald, Lee Martin aThe Biblical Canonb Its Origin, Transmission, and Authority aUSA bHendrickson Pubs c2008 a549p aincludes index and biblioraphy2 aBibliography, Index aCanon-Laws1 aMcdonald, Lee Martin bSRS cBK 001040708StackRoom-aHMIbHMId2010-04-13g1045.00l0o220.12 MCDp023224r2010-04-13v1045.00w2010-03-26yBK c14990d14990